Análisis del sistema de agua potable de la ciudad de Heredia
Salvato in:
| Autore principale: | |
|---|---|
| Natura: | Libro |
| Pubblicazione: |
[San José , Costa Rica]
1985
|
| Soggetti: | |
| Tags: |
Aggiungi Tag
Nessun Tag, puoi essere il primo ad aggiungerne!!
|
MARC
| LEADER | 00000nam a2200000Ia 4500 | ||
|---|---|---|---|
| 003 | 002945 | ||
| 005 | 20221231144401.0 | ||
| 008 | 140114s1985 c a m 000 ||s d | ||
| 040 | |c cru CEDI | ||
| 090 | |a TFG 1718 | ||
| 100 | |a Araya Villalobos, Dagoberto |9 14468 | ||
| 245 | |a Análisis del sistema de agua potable de la ciudad de Heredia | ||
| 260 | |c 1985 |a [San José , Costa Rica] | ||
| 300 | |a [166] hojas : ilustraciones, mapas (algunos plegables) | ||
| 500 | |a Proyecto de graduación (licenciatura en ingeniería civil)--Universidad de Costa Rica. Facultad de Ingeniería. Escuela de Ingeniería Civil | ||
| 650 | |x AGUA POTABLE |x SUMINISTRO DE AGUA |x HEREDIA (COSTA RICA) |9 14469 | ||
| 942 | |c TFG |2 ddc | ||
| 999 | |c 21067 |d 21067 | ||
